Fruit Anagrams - Statistics

General Stats
  • This quiz has been taken 566 times
    524 since last reset
  • The average score is 11 of 12
Answer Stats
Hint Answer % Correct
ANNA BA Banana
97%
PALEP Apple
96%
OLNEM Melon or Lemon
96%
AMOTOT Tomato
96%
REAP Pear
95%
OE GRAN Orange
92%
PESRAG Grapes
90%
PEAL PENIP Pineapple
87%
REBYRWARST Strawberry
85%
HER CRY Cherry
81%
KERRY LABCB Blackberry
78%
BRUCE CUM Cucumber
76%
No matching quizzes found
Score Distribution
Percent of People with Each Score
Percentile by Number Answered
Your Score History
You have not taken this quiz since the last reset